[Event "Commonwealth & South African-ch"]
[Site "Johannesburg"]
[Date "2011.07.03"]
[Round "11.2"]
[White "Gideon, Hoon"]
[Black "Aryan, Chopra"]
[Result "0-1"]
[WhiteElo "1510"]
[BlackElo "1817"]
[PlyCount "71"]
[EventDate "2011.06.25"]
[EventType "swiss"]
[EventRounds "11"]
[EventCountry "RSA"]
[SourceTitle "EXT 2024"]
[Source "ChessBase"]
[SourceDate "2023.10.10"]
[SourceVersion "1"]
[SourceVersionDate "2023.10.10"]
[SourceQuality "1"]

1. e4 c5 2. Nc3 d6 3. f4 g6 4. Nf3 Bg7 5. d3 Nc6 6. g3 e6 7. Bg2 Nge7 8. 0-0 0-0 9. h3 Rb8 10. Kh2 b5 11. a3 b4 12. axb4 cxb4 13. Ne2 a5 14. Rb1 a4 15. Be3 Qa5 16. Qd2 Ba6 17. Ned4 b3 18. c3 Nxd4 19. Bxd4 e5 20. Be3 a3 21. bxa3 exf4 22. gxf4 Bxc3 23. Qd1 Qxa3 24. Rf2 b2 25. Bf1 Bb5 26. d4 Ba4 27. Qd3 Rb3 28. Qa6 Bb4 29. Bd2 Rxf3 30. Rxf3 Qxf3 31. Bxb4 Bc2 32. Rxb2 Qf2+ 33. Bg2 Qxf4+ 34. Kh1 Qc1+ 35. Qf1 Qxb2 36. Bxd6 0-1